Normale Ansicht MARC-Ansicht ISBD

"Das Jahr 2021 hat uns an Grenzen gebracht". (Titelsatznr. 371293)

[ MARC ]
MARC-Details
000 -Satzkennung
Kontrollfeld mit fester Länge 00825nam a22001937a 4500
008 - Feld mit fester Länge zur physischen Beschreibung - Allgemeine Angaben
Kontrollfeld mit fester Länge 201127b ||||| |||| 00| 0 eng d
040 ## - Katalogisierungsquelle
Original-Katalogisierungsstelle DE-2950
Katalogisierungssprache ger
Übertragungsstelle DE-2950
Beschreibungsfestlegungen rda
041 ## - Sprachcode
Sprachcode des Textes/der Tonspur oder des separaten Titels ger
245 ## - Titel
Haupttitel "Das Jahr 2021 hat uns an Grenzen gebracht".
Titelzusatz Bilanz: Oberbürgermeister René Wilke blickt im Silvesterinterview auf herausfordernde zwölf Monate zurück und erklärt, warum das Jahr trotz aller Krisen ein gutes für Frankfurt war /
Verantwortlichkeitsangabe Thomas Gutke
264 ## - Veröffentlichungsangabe, Vertriebsangabe, Herstellungsangabe
Erscheinungs-, Vertriebs-, Herstellungsdatum 2021
653 ## - Lokales Schlagwort
Nicht-normierter Term Frankfurt (Oder)
653 ## - Lokales Schlagwort
Nicht-normierter Term Wilke, René; Politiker, 1984-
653 ## - Lokales Schlagwort
Nicht-normierter Term Rückblick 2021
773 ## - Übergeordnete Einheit
Ort, Verlag und Erscheinungsjahr Frankfurt (Oder) Märkisches Verlags- und Druckhaus GmbH & Co KG
Titel Märkische Oderzeitung
Verknüpfungsangaben 32. Jahrgang (2021) Nr. 306 vom 31.12.2021, S. 17
942 ## - Zusätzliche Felder (Koha)
Koha-Medientyp Aufsätze
Exemplare
Ausgeschieden Verloren Beschädigt Nicht entleihbar Permanenter Standort Aktueller Standort Aufstellungsort Eingabedatum Anzahl Ausleihen Signatur Letzte Aktivität Preis gültig von Medientyp
        Stadtarchiv Frankfurt (Oder) | Archivbibliothek Stadtarchiv Frankfurt (Oder) | Archivbibliothek Magazin 14/01/2022   Z2 14/01/2022 14/01/2022 Aufsätze